| 000 | 00759nam a22001937a 4500 | ||
|---|---|---|---|
| 999 |
_c164158 _d164158 |
||
| 005 | 20190513122953.0 | ||
| 010 | _aUR-10100 | ||
| 020 |
_c193.00 _a978938739594 |
||
| 035 | _aU-8655 | ||
| 037 | _bDBAD/PUB | ||
| 082 | _a492.709 | ||
| 100 | _aتا ليف :احمد ا مين،ا حمد ا سکند ر ی | ||
| 245 |
_aتا ر يخ ا د ب عر بی _cتا ليف :احمد ا مين،ا حمد ا سکند ر ی |
||
| 246 |
_bTareekh-e-Adab-e- Arabi (Urdu) _aby Ahmed Ameen,Ahmed Askandari |
||
| 260 |
_a Delhi _bEducational Publishing House _c2017 ء |
||
| 270 |
_a3191،Vakil Street,Kucha Pandit,Lal Kuan, _bDelhi _e110006 _k23216162 _l00911123211540 |
||
| 300 |
_a320ص _c22 Cm.(bk) |
||
| 942 |
_2ddc _cUR _h492.709 _mا ح م |
||